| 000 | 00000nam##2200000za#4500 |
| 001 | 9.557716 |
| 003 | CaOODSP |
| 005 | 20210624172028 |
| 007 | cr ||||||||||| |
| 008 | 150406|1990||||xxc|||||o f|0| 0 eng|d |
| 040 | |aCaOODSP|beng |
| 043 | |an-cn--- |
| 086 | 1 |aNH18-22/90-243E-IN |
| 110 | 2 |aCanada Mortgage and Housing Corporation. |
| 245 | 10|aExploring low-pollution design |h[electronic resource] |
| 260 | |aOttawa - Ontario : |bCanada Mortgage and Housing Corporation |
| 300 | |a2p. (177 KB) |
| 490 | 1 |aResearch and development highlights; technical series |v90-243 |
| 590 | |a01-12|b2001-03-23 |
| 690 | 07|aAir quality|2gcpds |
| 690 | 07|aConstruction industry|2gcpds |
| 690 | 07|aHousing|2gcpds |
| 775 | 08|tModèles de maisons de faible pollution / |w(CaOODSP)9.607612 |
| 830 | #0|aResearch and development highlights; technical series ;|v90-243|w(CaOODSP)9.504481 |
| 856 | 40|ahttp://publications.gc.ca|qPDF|s177 KB|uhttps://publications.gc.ca/collections/Collection/NH18-22-90-243E.pdf|y90-243 |